Zur Entwicklung von Sortiment und Verbrauch an Mineraldüngmitteln im Gebiet der ehemaligen DDR.

Hodnotenie vývoja spotreby minerálnych hnojív v poľnohospodárstve bývalej NDR od r. 1949. Maximálna hodnota spotreby výživných látok na ha poľnohospodárskej pôdy. Vývoj sortimentu jednotlivých druhov minerálnych hnojív.

Gespeichert in:
Bibliographische Detailangaben
1. Verfasser: Runge, P.
Format: Buchkapitel
Sprache:Deutsch
Schlagworte:
Tags: Tag hinzufügen
Keine Tags, Fügen Sie das erste Tag hinzu!

MARC

LEADER 00000naa a2200000 4500
001 r003685
005 20221130102655.5
041 0 |a ger 
044 |a DE 
245 1 0 |a Zur Entwicklung von Sortiment und Verbrauch an Mineraldüngmitteln im Gebiet der ehemaligen DDR.  |c P. Runge 
520 |a Hodnotenie vývoja spotreby minerálnych hnojív v poľnohospodárstve bývalej NDR od r. 1949. Maximálna hodnota spotreby výživných látok na ha poľnohospodárskej pôdy. Vývoj sortimentu jednotlivých druhov minerálnych hnojív. 
610 2 0 |a hnojivá 
610 2 0 |a Nemecko 
610 2 0 |a poľnohospodárstvo 
610 2 0 |a spotreba 
610 2 0 |a pôda poľnohospodárska 
610 2 0 |a NDR 
610 2 0 |a 1949-1989 
100 1 |a Runge, P.